Guinovart : Paris, juin 1983 Paris, juin 1983
Descripción Física:
[50] p. : principalment il., col. ; 29 cm
MARC
| LEADER | 00000nam a2200000Ia 4500 | ||
|---|---|---|---|
| 001 | 1334 | ||
| 008 | 160829s1983 xx 000 0 cat d | ||
| 080 | |a B-1-370 | ||
| 100 | 1 | |a Guinovart, Josep, |d 1927-2007 |9 42256 | |
| 245 | |a Guinovart : |b Paris, juin 1983 | ||
| 260 | |a Barcelona : |b Departament de Cultura de la Generalitat de Catalunya, |c 1983 | ||
| 300 | |a [50] p. : |b principalment il., col. ; |c 29 cm | ||
| 590 | |a Catàleg de l'exposició efectuada el juny de 1983 al Centre d'études catalanes (París) | ||
| 600 | 1 | 0 | |a Guinovart, Josep, |d 1927-2007 |v Exposicions |9 55769 |
| 710 | 2 | |a Catalunya. |b Departament de Cultura |9 52819 | |
| 901 | |a Arxiu | ||
| 942 | |n 1 | ||
| 952 | |0 0 |1 0 |4 0 |6 B1370 |7 1 |9 43377 |a Arxiu |b Arxiu |d 2016-12-01 |l 0 |o B-1-370 |p 1334 |r 2016-12-01 00:00:00 |w 2016-12-01 |y ARXIU | ||
| 999 | |c 45922 |d 45922 | ||